Normal view
MARC view
- العلوم التربوية -- معاجم و قواميس
Entry Topical Term
001 - CONTROL NUMBER
- control field: 31525
003 - CONTROL NUMBER IDENTIFIER
- control field: JO-AjAnu
005 - DATE AND TIME OF LATEST TRANSACTION
- control field: 20230606075316.0
008 - FIXED-LENGTH DATA ELEMENTS
- fixed length control field: 230606|| aca||aabn | a|a d
040 ## - CATALOGING SOURCE
- Original cataloging agency: JO-AjAnu
- Transcribing agency: JO-AjAnu
150 ## - HEADING--TOPICAL TERM
- Topical term or geographic name entry element: العلوم التربوية -- معاجم و قواميس
670 ## - SOURCE DATA FOUND
- Source citation: Work cat.: (JO-AjAnu)16186: تأليف سمارة، نواف احمد ؛ عبد السلام موسى العديلي م، مشارك, author 31524, مفاهيم ومصطلحات في العلوم التربوية